000 00296nam a22001337a 4500
020 _a978-81-264-2034-6
082 _a823
_bJHA/S
100 _aJHA, SHEFALI
245 _aSPIRITS FROM HISTORY
260 _aKOTTAYAM
_bDC BOOKS
_c2008
520 _aSHORT STORY
650 _aSHORT STORY
942 _cBK
999 _c5609
_d5609